Human responses to social problems

Salvato in:
Dettagli Bibliografici
Natura: Libro
Lingua:inglese
Pubblicazione: Homewood Dorsey Press 1981
Tags: Aggiungi Tag
Nessun Tag, puoi essere il primo ad aggiungerne!!

MARC

LEADER 00000nam a2200000 4500
001 c131587
005 20041019155252.7
041 0 |a eng 
044 |a US 
245 1 0 |a Human responses to social problems 
264 1 |a Homewood  |b Dorsey Press  |c 1981 
300 |a 398 s.